[Event "Herne op 5th"]
[Site "Herne"]
[Date "2016.05.27"]
[Round "4"]
[White "Ringwelski, Marius"]
[Black "Kummerow, Heiko"]
[Result "0-1"]
[WhiteElo "2086"]
[BlackElo "2247"]
[PlyCount "78"]
[EventDate "2016.05.25"]
[EventType "swiss"]
[EventRounds "7"]
[EventCountry "GER"]
[SourceTitle "CBM 172 Extra"]
[Source "ChessBase"]
[SourceDate "2016.06.21"]
[SourceVersion "1"]
[SourceVersionDate "2016.06.21"]
[SourceQuality "1"]

1. d4 Nf6 2. c4 g6 3. Nc3 Bg7 4. Nf3 0-0 5. g3 d6 6. Bg2 Nc6 7. 0-0 a6 8. e4 Bg4 9. Be3 Nd7 10. Ne2 Re8 11. Qd2 Nf6 12. Ne1 Bxe2 13. Qxe2 e5 14. d5 Nd4 15. Bxd4 exd4 16. Nd3 c6 17. dxc6 bxc6 18. Qf3 Nxe4 19. Rfe1 f5 20. g4 Qf6 21. gxf5 gxf5 22. Bh3 Rf8 23. Qh5 Qg6+ 24. Qxg6 hxg6 25. Nf4 Kf7 26. Re2 Nc5 27. b4 d3 28. bxc5 dxe2 29. Re1 Bh6 30. Nxe2 Rfe8 31. Kf1 dxc5 32. Bg2 Re6 33. Rd1 Rb8 34. Bf3 Ke7 35. Nc3 Bg7 36. Ne2 Be5 37. h3 Rb2 38. Nc1 Rb1 39. Kg2 Bd4 0-1

[Event "Herne op 5th"]
[Site "Herne"]
[Date "2016.05.26"]
[Round "3"]
[White "Kummerow, Heiko"]
[Black "Schimnatkowski, Lukas"]
[Result "1/2-1/2"]
[WhiteElo "2247"]
[BlackElo "1978"]
[PlyCount "40"]
[EventDate "2016.05.25"]
[EventType "swiss"]
[EventRounds "7"]
[EventCountry "GER"]
[SourceTitle "CBM 172 Extra"]
[Source "ChessBase"]
[SourceDate "2016.06.21"]
[SourceVersion "1"]
[SourceVersionDate "2016.06.21"]
[SourceQuality "1"]

1. e4 Nc6 2. Nf3 f5 3. exf5 d5 4. d4 Bxf5 5. Bb5 Nf6 6. Ne5 Qd6 7. 0-0 Nd7 8. Bf4 Ncxe5 9. Bxe5 Qb6 10. Bxd7+ Kxd7 11. b3 Qg6 12. Qe2 c6 13. Rc1 e6 14. c4 Be7 15. Nc3 Rhf8 16. Bg3 Rac8 17. Re1 Bb4 18. Rac1 Bd3 19. Qb2 h5 20. Re3 Rf7 1/2-1/2

[Event "Goch op 26th"]
[Site "Goch"]
[Date "2015.09.05"]
[Round "4"]
[White "Kummerow, Heiko"]
[Black "Vangsgaard, Freja"]
[Result "1-0"]
[WhiteElo "2264"]
[BlackElo "1957"]
[PlyCount "69"]
[EventDate "2015.09.03"]
[EventType "swiss"]
[EventRounds "7"]
[EventCountry "GER"]
[SourceTitle "EXT 2018"]
[Source "ChessBase"]
[SourceDate "2017.10.13"]
[SourceVersion "1"]
[SourceVersionDate "2017.10.13"]
[SourceQuality "1"]

1. e4 c6 2. d4 d5 3. exd5 cxd5 4. c4 Nf6 5. Nc3 e6 6. Nf3 Be7 7. cxd5 exd5 8. Bd3 Bg4 9. h3 Bh5 10. Qa4+ Nc6 11. Ne5 Qb6 12. Bb5 Rc8 13. Bg5 a6 14. Bxc6+ bxc6 15. 0-0 Qb7 16. Bxf6 Bxf6 17. Rfe1 0-0 18. Qc2 Rfe8 19. Qd2 c5 20. Rab1 Bxe5 21. dxe5 d4 22. Ne4 Qb4 23. Qxb4 cxb4 24. Nd6 d3 25. f3 d2 26. Red1 Bg6 27. Ra1 Rxe5 28. Nxc8 Re2 29. Nd6 Bc2 30. Kh2 Bxd1 31. Rxd1 Kf8 32. Nc4 Re1 33. Rxd2 Ra1 34. b3 Ke7 35. Na5 1-0

[Event "Muensterland op 32d"]
[Site "Senden"]
[Date "2014.10.14"]
[Round "5"]
[White "Kummerow, Heiko"]
[Black "Peterwitz, Klaus"]
[Result "1-0"]
[WhiteElo "2266"]
[BlackElo "2125"]
[PlyCount "53"]
[EventDate "2014.10.??"]
[EventType "swiss"]
[EventRounds "9"]
[EventCountry "GER"]
[SourceTitle "EXT 2017"]
[Source "ChessBase"]
[SourceDate "2016.10.25"]
[SourceVersion "1"]
[SourceVersionDate "2016.10.25"]
[SourceQuality "1"]

1. e4 d5 2. exd5 Qxd5 3. Nc3 Qa5 4. d4 c6 5. Nf3 Bf5 6. Bc4 Nf6 7. Bd2 e6 8. Nd5 Qd8 9. Nxf6+ gxf6 10. 0-0 Nd7 11. Re1 Qc7 12. Nh4 Bg6 13. g3 0-0-0 14. c3 Bd6 15. Bf1 f5 16. b4 e5 17. Bh3 f4 18. dxe5 fxg3 19. hxg3 Bxe5 20. Rxe5 Qxe5 21. Bf4 Qe7 22. Qa4 f5 23. Qxa7 Ne5 24. Nxf5 Bxf5 25. Bxf5+ Kc7 26. Qa5+ b6 27. Qa7+ 1-0